NFL QBs with 500 Yards Passing in a Game - Statistics

General Stats
  • This quiz has been taken 63 times
  • The average score is 20 of 27
Answer Stats
Hint Answer % Correct
NO - 510 Drew Brees
98%
NO - 505 Drew Brees
98%
NYG - 510 Eli Manning
96%
DET - 520 Matthew Stafford
96%
NE - 517 Tom Brady
96%
NE - 505 Tom Brady
96%
PIT - 522 Ben Roethlisberger
91%
PIT - 506 Ben Roethlisberger
91%
PIT - 503 Ben Roethlisberger
91%
PIT - 501 Ben Roethlisberger
91%
MIA - 521 Dan Marino
91%
LAR - 517 Jared Goff
91%
CIN - 525 Joe Burrow
89%
ATL - 503 Matt Ryan
89%
DAL - 502 Dak Prescott
85%
HOU(Oilers) - 527 Warren Moon
85%
SD - 503 Philip Rivers
84%
DAL - 506 Tony Romo
80%
OAK - 513 Derek Carr
65%
NYG - 513 Phil Simms
56%
HOU - 527 Matt Schaub
55%
ATL - 509 Kirk Cousins
47%
LAR - 554 Norm Van Brocklin
36%
NYG - 505 YA Tittle
36%
ARI - 522 Boomer Esiason
27%
KC - 504 Elvis Grbac
24%
LAR - 509 Vince Ferragamo
13%
No matching quizzes found
Score Distribution
Percent of People with Each Score
Percentile by Number Answered
Your Score History
You have not taken this quiz